हरि नारायण आपटे (Record no. 891480)

MARC details
000 -LEADER
fixed length control field 01029nam a2200265Ia 4500
003 - CONTROL NUMBER IDENTIFIER
control field OSt
005 - DATE AND TIME OF LATEST TRANSACTION
control field 20220930190028.0
008 - FIXED-LENGTH DATA ELEMENTS--GENERAL INFORMATION
fixed length control field 220926b |||||||| |||| 00| 0 mar d
037 ## - SOURCE OF ACQUISITION
Terms of availability Textbook
040 ## - CATALOGING SOURCE
Original cataloging agency CRL
Transcribing agency CRL
Language of cataloging mar
041 ## - LANGUAGE CODE
Source of code mar
Language code of text/sound track or separate title mar
100 ## - MAIN ENTRY--PERSONAL NAME
Personal name जोशी, रामचन्द्र भिकाजी
245 #0 - TITLE STATEMENT
Title हरि नारायण आपटे
246 ## - VARYING FORM OF TITLE
Title proper/short title Hari nārāyaṇ āpaṭe
260 ## - PUBLICATION, DISTRIBUTION, ETC.
Place of publication, distribution, etc. नई दिल्ली,
Name of publisher, distributor, etc. साहित्य अकादमी, भारत
Date of publication, distribution, etc. 1983
300 ## - PHYSICAL DESCRIPTION
Extent 80पृ0
Dimensions cm.
700 ## - ADDED ENTRY--PERSONAL NAME
Personal name द्विवेदी, सदाशिव, अनु.
942 ## - ADDED ENTRY ELEMENTS (KOHA)
Classification part O155,3M64w, 152M3
Koha item type Textbook
Source of classification or shelving scheme Colon Classification (CC)
Holdings
Withdrawn status Lost status Damaged status Not for loan Home library Current library Date acquired Source of acquisition Cost, normal purchase price Total Checkouts Full call number Barcode Date last seen Cost, replacement price Price effective from Koha item type
        Central Library Central Library 2022-09-30 530, 19/03/2009, Vani Prakashan 75.00   O155,3M64w 152M3 CL1399153 2022-09-30 75.00 2022-09-30 Textbook
Copyright @ Delhi University Library System